Die Störungen der Sprache 28. Capitel : Schematische Zeichnung der Centren und Bahnen der Sprache /

Elmentve itt :
Bibliográfiai részletek
Szerző: Kussmaul Adolf
Dokumentumtípus: Cikk
Megjelent: 1877
Sorozat:Kolligátum
Kulcsszavak:Patológia - tankönyv
Online Access:http://misc.bibl.u-szeged.hu/24175
LEADER 00605nab a2200169 i 4500
001 misc24175
005 20191111110717.0
008 170911s1877 hu o 0|| zxx d
040 |a SZTE Miscellanea Repozitórium  |b hun 
041 |a zxx 
100 1 |a Kussmaul Adolf 
245 1 4 |a Die Störungen der Sprache   |h [elektronikus dokumentum] :  |b 28. Capitel : Schematische Zeichnung der Centren und Bahnen der Sprache /  |c  Kussmaul Adolf 
260 |c 1877 
300 |a 182-186 
490 0 |a Kolligátum 
695 |a Patológia - tankönyv 
856 4 0 |u http://misc.bibl.u-szeged.hu/24175/1/010_024_182-186.pdf  |z Dokumentum-elérés